LIBRARY & INFORMATION CENTRE, KCAET, TAVANUR

ONLINE PUBLIC ACCESS CATALOGUE (OPAC)

Development and Evaluation of small scall Hydroponic Green Fodder production system (Record no. 17455)

MARC details
000 -LEADER
fixed length control field 00442nam a22001457a 4500
003 - CONTROL NUMBER IDENTIFIER
control field OSt
082 ## - DEWEY DECIMAL CLASSIFICATION NUMBER
Classification number 631.45
Item number ADA/DE
088 ## - REPORT NUMBER
Report number T 526
100 ## - MAIN ENTRY--AUTHOR NAME
Personal name Adarsha Gopalakrisha Bhat
245 ## - TITLE STATEMENT
Title Development and Evaluation of small scall Hydroponic Green Fodder production system
260 ## - PUBLICATION, DISTRIBUTION, ETC. (IMPRINT)
Place of publication KCAET,Tavanur
Name of publisher Department of soil and water conservation Engineering
Year of publication 2021
300 ## - PHYSICAL DESCRIPTION
Number of Pages 52 pages
700 ## - ADDED ENTRY--PERSONAL NAME
Personal name jinu (guide)
942 ## - ADDED ENTRY ELEMENTS (KOHA)
Koha item type Theses
Holdings
Collection code Home library Current library Shelving location Full call number Accession Number Koha item type Public note
Reference KAUAET KAUAET Reference 631.45 ADA/DE T 526 Theses M.Tech Thesis
free website counter